000 00476nam a2200181Ia 4500
001 25640
008 140411s9999 xx 000 0 und d
020 _a1-85702-321-8
040 _cPK-LaUMT
082 _a 346
_bNOR-T
100 _aRichard Norton-Taylor
245 _aTruth is a difficult concept
_binside the Scott inquiry
_cRichard Norton-Taylor
260 _aNew York,USA:
_bGolden Books,
_c1995
300 _a279
546 _aEN
650 _aCivil law
942 _cBK
999 _c25808
_d25808